000 00698nam a2200217 i 4500
001 bg
100 1 _aDOMINAS, Marian
245 1 0 _aNasiennictwo ; podręcznik dla techników hodowli roślin i nasiennictwa /
_cMarian Dominas, Danuta Młodzianowska, Wiktor Święcicki.
250 _aWyd.2 popr. i uzup.
260 _aWarszawa :
_bPaństwowe Wydaw. Rolnicze i Leśne,
_c1974.
300 _a327 s. :
_bil. ;
_c24 cm.
650 9 _aNasiennictwo
655 _aPodręczniki dla szkół zawodowych
700 1 _aMŁODZIANOWSKA, Danuta
700 1 _aŚWIĘCICKI, Wiktor
040 _cBPK
041 0 _apol
080 _a631.5(075.3)
942 _cKS
008 s pl f |000 0 pol
999 _c44297
_d44297
856 _uhttp://koha.tu.koszalin.pl/cgi-bin/koha/opac-detail.pl?biblionumber=44297
_yKatalog online BPK